| 000 | 00805nam a2200241 i 4500 | ||
|---|---|---|---|
| 001 | 185113 | ||
| 003 | SpMaBN | ||
| 005 | 20230906222342.0 | ||
| 008 | 160322s1974 sp d |||| | spa d | ||
| 020 | _a84-292-2051-8 | ||
| 080 | _a800.1(04) | ||
| 245 | 0 | 0 |
_aNuevas direcciones en el estudio del lenguaje / _cEric H. Lenneberg y otros ; traducción del inglés por Mariano Antolín. |
| 260 |
_aMadrid : _bRevista de Occidente, _c[1974] |
||
| 300 |
_a217 p. : _bgráf. ; _c17 cm. |
||
| 490 | 1 |
_aSelecta ; _v51 |
|
| 504 | _aReferencias bibliográficas. | ||
| 650 | 7 |
_aLenguaje. _914341 |
|
| 700 | 1 |
_aLenneberg, Eric H. _971530 |
|
| 700 | 1 |
_aAntolín Rato, Mariano. _921923 |
|
| 830 | 0 |
_aSelecta ; _v51 _9181890 |
|
| 852 |
_aES-MaACL _jL-30287 _z. - Donat. Miguel A. Velasco |
||
| 999 |
_c185113 _d185113 |
||